| 000 | 00859nam a2200217 i 4500 | ||
|---|---|---|---|
| 001 | 137894 | ||
| 003 | ES-MaACL | ||
| 005 | 20251015063133.0 | ||
| 007 | t| | ||
| 008 | 070214s1958 sp r ||||1| val d | ||
| 100 | 1 |
_aSalvà i Ballester, Adolf, _d1885-1941 _9102059 |
|
| 245 | 1 | 0 |
_aBosqueig històric i bibliogràfic de les festes de moros i cristians / _cAdolf Salvà i Ballester. |
| 260 |
_aAlicante : _bInstituto de Estudios Alicantinos, _c1958. |
||
| 300 |
_a175 p., 1 lám.: retr. aut. ; _c21 cm. |
||
| 490 | 1 |
_aPublicaciones del Instituto de Estudios Alicantinos ; _v8 |
|
| 650 | 4 |
_aMoros y cristianos (Fiesta)- _vHistoria. _915197 |
|
| 710 | 2 |
_aInstituto de Estudios Alicantinos. _94886 |
|
| 830 | 0 |
_aPublicaciones del Instituto de Estudios Alicantinos ; _v8 _9182064 |
|
| 852 |
_aES-MaACL _jC-14713 _bR.42390 |
||
| 999 |
_c137894 _d137894 |
||